Apicultura /

Guardado en:
Autor Principal: Benedetti, Lorenzo
Formato: Libro
Publicado: Barcelona : Omega, 1990
Materias:
Etiquetas: Agregar Etiqueta
Sin Etiquetas, Sea el primero en etiquetar este registro!
LEADER 00574nam a22002055a 4500
001 CEM.cems016844
005 20060706092538.0
008 130507s1990##################000#0#####d
003 CEMS
082 0 4 |a 638.1 
100 1 |a Benedetti, Lorenzo 
245 1 0 |a Apicultura /  |c Lorenzo Benedetti, Lucilla Pieralli 
260 |a Barcelona :  |b Omega,  |c 1990 
300 |a 434 p. 
653 |a Apicultura 
653 |a Abejas 
653 |a Abejas-polinizacion 
653 |a Abejas-enfermedades 
653 |a Colmenas 
859 |a CEMS  |b BIB. CEMS - Agricultura  |h 638.1  |i B434  |p A18196.95  |t Ej.1  |v 1  |3 Vol. 1